[Event "Let's Play Chess!"]
[Site "http://www.queenalice.com/game.php?id=1469485"]
[Date "2017.3.20"]
[Round "-"]
[White "queen1"]
[Black "Greeley"]
[Result "0-1"]
[WhiteElo "1819"]
[BlackElo "2087"]

1. e4 c6 2. d4 d6 3. c3 Nd7 4. Be3 h6 5. Bd3 g5 6. Nd2 Bg7 7. Ne2 Nf8 8. O-O Qc7
9. Rc1 Ne6 10. c4 Nf6 11. b3 a5 12. d5 Nc5 13. Bxc5 dxc5 14. Re1 Ng4 15. g3 Ne5
16. Bc2 Bh3 17. Kh1 h5 18. Ng1 Bd7 19. Ndf3 h4 20. gxh4 g4 21. Nxe5 Bxe5 22.
dxc6 Qxc6 23. Qd3 O-O-O 24. h3 Rxh4 25. Qd5 Qf6 26. Qxc5+ Bc6 27. Qe3 Bf4 28.
Qa7 Qg6 29. Rcd1 Rxd1 30. Bxd1 Bxe4+ 31. Rxe4 Qxe4+ 32. f3 Qe1 0-1

[Event "Let's Play Chess!"]
[Site "http://www.queenalice.com/game.php?id=1469486"]
[Date "2017.3.20"]
[Round "-"]
[White "Greeley"]
[Black "queen1"]
[Result "1-0"]
[WhiteElo "2092"]
[BlackElo "1806"]

1. c3 d5 2. Qa4+ c6 3. d3 Nd7 4. Nd2 e6 5. h3 Nc5 6. Qc2 Bd6 7. g4 Nf6 8. Bg2
O-O 9. Nf1 Bd7 10. b4 Na6 11. a4 Nc7 12. Ne3 e5 13. Nf3 e4 14. Nd4 Re8 15. a5 c5
16. bxc5 Bxc5 17. O-O Bxd4 18. cxd4 Rc8 19. Qb3 Bc6 20. Nf5 g6 21. Nh6+ Kg7 22.
g5 Ng8 23. dxe4 Nxh6 24. gxh6+ Kg8 25. e5 Ne6 26. Rd1 Ng5 27. h4 Ne4 28. Bxe4
dxe4 29. d5 Rxe5 30. dxc6 Qxh4 31. cxb7 Qg4+ 32. Qg3 Qxg3+ 33. fxg3 1-0

[Event "Challenge"]
[Site "http://www.queenalice.com/game.php?id=1470032"]
[Date "2017.3.23"]
[Round "-"]
[White "Greeley"]
[Black "lfsantanna"]
[Result "1-0"]
[WhiteElo "2114"]
[BlackElo "1740"]

1. b4 e5 2. Bb2 d6 3. c4 b6 4. Nc3 c6 5. a4 a6 6. e3 Nf6 7. Nf3 Nbd7 8. Qb3 h6
9. Be2 Be7 10. O-O O-O 11. d4 e4 12. Nd2 Bb7 13. Ndxe4 Nxe4 14. Nxe4 c5 15. d5
f6 16. bxc5 Nxc5 17. Nxc5 dxc5 18. a5 Qd6 19. Qxb6 Qxb6 20. axb6 Rfb8 21. Rfb1
Bc8 22. Bf3 Bd6 23. Ba3 Bf5 24. e4 Bh7 25. g4 g5 26. Rb3 Rb7 27. Bb2 Kf7 28. Ra5
Be7 29. Ba3 Ke8 30. d6 Bxd6 31. e5 1-0

[Event "Challenge"]
[Site "http://www.queenalice.com/game.php?id=1478634"]
[Date "2017.5.18"]
[Round "-"]
[White "bobjgirl"]
[Black "Greeley"]
[Result "0-1"]
[WhiteElo "2371"]
[BlackElo "2116"]

1. Nf3 f5 2. d4 Nf6 3. Nc3 g6 4. Bg5 Bg7 5. Bxf6 Bxf6 6. e4 fxe4 7. Nxe4 Bg7 8.
Bd3 d6 9. h3 O-O 10. Qd2 Nc6 11. c3 d5 12. Nc5 e5 13. dxe5 Nxe5 14. Nxe5 Bxe5
15. O-O b6 16. Nb3 Bf4 17. Qc2 Qg5 18. Rfe1 Bxh3 19. Bf1 Bf5 20. Bd3 c5 21. Nc1
Qh4 22. g3 Bxg3 23. Bxf5 Qh2+ 24. Kf1 Qh1+ 25. Ke2 Rae8+ 0-1

[Event "Challenge"]
[Site "http://www.queenalice.com/game.php?id=1478635"]
[Date "2017.5.18"]
[Round "-"]
[White "Greeley"]
[Black "bobjgirl"]
[Result "1-0"]
[WhiteElo "2136"]
[BlackElo "2351"]

1. c3 e5 2. Qa4 Nc6 3. Nf3 Nf6 4. e4 Bc5 5. d4 exd4 6. cxd4 Bb4+ 7. Bd2 Bxd2+ 8.
Nbxd2 d5 9. Ne5 O-O 10. Nxc6 bxc6 11. e5 Re8 12. Qxc6 Bd7 13. Qc5 Rb8 14. b3 Rb6
15. Bd3 Rc6 16. Qa5 Rb6 17. Qxa7 Nh5 18. g3 Bh3 19. Be2 Qg5 20. Qxc7 Rbb8 21.
Qc3 f6 22. Qf3 g6 23. Qxd5+ Be6 24. Qe4 Bf5 25. Qe3 Qxe3 26. fxe3 Bh3 27. Bxh5
gxh5 28. Nc4 Be6 29. Kd2 Bxc4 30. bxc4 fxe5 31. d5 Ra8 32. a4 1-0

[Event "OS INCLIVEIS"]
[Site "http://www.queenalice.com/game.php?id=1479243"]
[Date "2017.5.21"]
[Round "-"]
[White "adelio"]
[Black "Greeley"]
[Result "0-1"]
[WhiteElo "1547"]
[BlackElo "2155"]

1. d4 c6 2. b4 d6 3. c4 Nd7 4. e4 h6 5. Nc3 g5 6. h4 Bg7 7. Be3 Nf8 8. hxg5 Ne6
9. Qd2 a5 10. b5 hxg5 11. Rxh8 Bxh8 12. Bxg5 Bxd4 13. Nf3 Bg7 14. Rd1 Nxg5 15.
Qxg5 Bxc3+ 16. Nd2 Nf6 17. Qg7 Be6 18. Be2 Nxe4 19. Qg8+ Kd7 20. Qxd8+ Rxd8 21.
Bd3 Nxd2 22. Rxd2 cxb5 23. Kd1 Bxd2 24. Kxd2 bxc4 25. Be2 b5 26. g4 b4 27. f4
c3+ 28. Kc2 Bxa2 29. g5 Rh8 30. Bg4+ Kc7 31. Kd3 Rh2 32. Kd4 c2 33. f5 c1=Q 34.
g6 fxg6 35. fxg6 Qg1+ 36. Kd3 Bb1+ 37. Kc4 Qc5+ 38. Kb3 Qc2# 0-1

[Event "OS INCLIVEIS"]
[Site "http://www.queenalice.com/game.php?id=1479244"]
[Date "2017.5.21"]
[Round "-"]
[White "Greeley"]
[Black "adelio"]
[Result "1-0"]
[WhiteElo "2154"]
[BlackElo "1487"]

1. c3 b5 2. a4 b4 3. Nf3 c5 4. cxb4 Nc6 5. bxc5 e5 6. Nxe5 Nxe5 7. d4 Ng4 8. e4
Nxf2 9. Kxf2 Bb7 10. Nc3 g6 11. Bc4 Qf6+ 12. Ke1 h5 13. Rf1 Qh4+ 14. g3 Qxh2 15.
Bxf7+ Kd8 16. Qf3 Qh3 17. Bxg6 Be7 18. Nd5 Qe6 19. Qf8+ Bxf8 20. Rxf8+ Qe8 21.
Rxe8# 1-0

[Event "Let's Play Chess!"]
[Site "http://www.queenalice.com/game.php?id=1481229"]
[Date "2017.6.5"]
[Round "-"]
[White "Andrei_78"]
[Black "Greeley"]
[Result "0-1"]
[WhiteElo "1684"]
[BlackElo "2157"]

1. e4 c6 2. d3 d5 3. exd5 Qxd5 4. Nc3 Qa5 5. Bd2 Nf6 6. h3 Bf5 7. Nf3 e6 8. Ne4
Qb6 9. Ng3 Bg6 10. b3 Bc5 11. Be2 Bxf2+ 12. Kf1 Bxg3 13. Ng1 Qf2# 0-1

[Event "Let's Play Chess!"]
[Site "http://www.queenalice.com/game.php?id=1481230"]
[Date "2017.6.5"]
[Round "-"]
[White "Andrei_78"]
[Black "Greeley"]
[Result "0-1"]
[WhiteElo "1706"]
[BlackElo "2160"]

1. e4 d6 2. c4 c6 3. Qf3 Nd7 4. Nh3 h6 5. Bd3 Ne5 6. Qe2 Bg4 7. Qe3 Nxd3+ 8.
Qxd3 Nf6 9. Nf4 e5 10. Ne2 Be7 11. O-O O-O 12. h3 Be6 13. Qb3 b5 14. cxb5 Bxb3
15. bxc6 Ba4 16. Nbc3 Bxc6 17. d3 d5 18. exd5 Nxd5 19. Ng3 Nxc3 20. bxc3 Qxd3
21. Be3 f5 22. Rfc1 f4 23. Rd1 Qg6 24. Bxf4 exf4 25. Nh1 Qxg2# 0-1

[Event "OS INCLIVEIS"]
[Site "http://www.queenalice.com/game.php?id=1483819"]
[Date "2017.6.26"]
[Round "-"]
[White "adelio"]
[Black "Greeley"]
[Result "0-1"]
[WhiteElo "1532"]
[BlackElo "2158"]

1. d4 d6 2. c4 c6 3. b4 Nd7 4. e4 h6 5. Nf3 g5 6. Bxg5 hxg5 7. Nxg5 Bg7 8. Nxf7
Kxf7 9. Nc3 Qb6 10. Qf3+ Bf6 11. O-O-O Qxb4 12. Nb1 c5 13. e5 dxe5 14. dxc5 Nxc5
15. Be2 e4 16. Qa3 a5 17. Kc2 Bf5 18. Qxb4 axb4 19. Kc1 Rxa2 20. Rd2 b3 21. Kd1
Ra1 22. Ke1 Rxb1+ 0-1

[Event "OS INCLIVES"]
[Site "http://www.queenalice.com/game.php?id=1483820"]
[Date "2017.6.26"]
[Round "-"]
[White "Greeley"]
[Black "adelio"]
[Result "1-0"]
[WhiteElo "2159"]
[BlackElo "1530"]

1. c3 d5 2. Qa4+ Bd7 3. Qb3 e6 4. Nf3 b6 5. h3 Be7 6. g4 c5 7. d3 Nc6 8. Bg2 h5
9. g5 h4 10. Bf4 Rc8 11. Nbd2 c4 12. dxc4 e5 13. Bxe5 Nxe5 14. Nxe5 Be6 15. cxd5
Bxg5 16. e3 Rc5 17. dxe6 fxe6 18. Qxe6+ Qe7 19. Qxe7+ Nxe7 20. Ndf3 Bf6 21. Nd3
Bxc3+ 22. bxc3 1-0

[Event "Challenge"]
[Site "http://www.queenalice.com/game.php?id=1485895"]
[Date "2017.7.13"]
[Round "-"]
[White "rybak"]
[Black "Greeley"]
[Result "0-1"]
[WhiteElo "1997"]
[BlackElo "2161"]

1. e4 c6 2. d4 d6 3. Nc3 Nd7 4. Bc4 h6 5. Nf3 g5 6. h4 g4 7. Nh2 b5 8. Bb3 a5 9.
a3 h5 10. f3 e5 11. Bg5 Qb6 12. fxg4 exd4 13. Bxf7+ Kxf7 14. Qf3+ Ke8 15. Rf1
Nh6 16. O-O-O dxc3 17. Bf6 Nxf6 18. Qxf6 cxb2+ 19. Kb1 Rg8 20. g5 Qc5 21. gxh6
Qxa3 22. Qf7+ Kd8 23. Rxd6+ Bxd6 24. Qxg8+ Kc7 25. Qa2 Qxa2+ 26. Kxa2 Be6+ 27.
Kxb2 Bxh2 28. Rf6 Be5+ 0-1

[Event "Let's Play Chess!"]
[Site "http://www.queenalice.com/game.php?id=1490702"]
[Date "2017.8.19"]
[Round "-"]
[White "charles31"]
[Black "Greeley"]
[Result "0-1"]
[WhiteElo "1712"]
[BlackElo "2168"]

1. d4 d6 2. e4 Nd7 3. Nf3 h6 4. Bb5 c6 5. Bc4 g5 6. h3 Bg7 7. Na3 Nf8 8. Qe2 Ne6
9. c3 b5 10. Bb3 a5 11. d5 a4 12. Bc2 cxd5 13. exd5 Nc7 14. Nxb5 Nf6 15. a3
Nfxd5 16. Be3 Nxe3 17. Nxc7+ Qxc7 18. Qxe3 Bd7 19. b4 Bxc3+ 20. Ke2 Bxa1 21.
Rxa1 Qxc2+ 22. Nd2 Bb5+ 23. Ke1 Rc8 24. Qd4 Qc1+ 0-1

[Event "Let's Play Chess!"]
[Site "http://www.queenalice.com/game.php?id=1490704"]
[Date "2017.8.19"]
[Round "-"]
[White "charles31"]
[Black "Greeley"]
[Result "0-1"]
[WhiteElo "1710"]
[BlackElo "2169"]

1. Nc3 c6 2. e4 d6 3. d4 Nd7 4. Bc4 h6 5. Qf3 Ngf6 6. Bf4 Qb6 7. e5 Qxd4 8. exf6
Qxc4 9. fxg7 Bxg7 10. Nge2 Ne5 11. Bxe5 Bxe5 12. O-O-O Bg4 13. Qe3 Bxc3 14. Nxc3
Bxd1 15. Rxd1 Qe6 16. Qd2 O-O-O 17. h3 h5 18. Re1 Qf6 19. Qe3 Qh6 20. Qxh6 Rxh6
21. g4 hxg4 22. hxg4 e6 23. f4 Rh4 24. Rg1 Rg8 25. f5 Rhxg4 26. Rxg4 Rxg4 27.
fxe6 fxe6 0-1

[Event "Challenge"]
[Site "http://www.queenalice.com/game.php?id=1491337"]
[Date "2017.8.23"]
[Round "-"]
[White "Igor2000"]
[Black "Greeley"]
[Result "0-1"]
[WhiteElo "1982"]
[BlackElo "2177"]

1. e4 c6 2. d4 d6 3. Nc3 Nd7 4. Nf3 h6 5. Bf4 g5 6. Bg3 Bg7 7. Bc4 b5 8. Bb3
Ngf6 9. O-O b4 10. Na4 Nxe4 11. d5 c5 12. Bc4 Qa5 13. c3 bxc3 14. bxc3 Nxc3 15.
Nxc3 Bxc3 16. Rb1 Nb6 17. Bb5+ Bd7 18. Bxd7+ Kxd7 19. Ne1 f5 20. f4 Qxa2 21.
fxg5 Bd4+ 22. Kh1 Qxd5 23. g6 Rhg8 24. Qh5 Qe4 25. Qxh6 Qxb1 0-1

[Event "Challenge"]
[Site "http://www.queenalice.com/game.php?id=1491338"]
[Date "2017.8.23"]
[Round "-"]
[White "Greeley"]
[Black "Igor2000"]
[Result "1-0"]
[WhiteElo "2170"]
[BlackElo "1993"]

1. e4 c5 2. d4 cxd4 3. c3 dxc3 4. Nxc3 Nc6 5. Bc4 Nf6 6. Nf3 d6 7. O-O Bg4 8.
Qb3 e6 9. Qxb7 Rc8 10. Bb5 Qd7 11. Qxd7+ Nxd7 12. Be3 Bxf3 13. gxf3 Nde5 14. f4
Ng6 15. Rac1 Ne7 16. Bxa7 g6 17. Bd4 Rg8 18. Na4 Kd8 19. Bb6+ Kd7 20. Rfd1 1-0

[Event "AUTO-OPEN-3775"]
[Site "http://www.queenalice.com/game.php?id=1494679"]
[Date "2017.9.15"]
[Round "2"]
[White "Greeley"]
[Black "bobifixer"]
[Result "1-0"]
[WhiteElo "2192"]
[BlackElo "1877"]

1. e4 e5 2. Nf3 Nc6 3. Bc4 h6 4. Nc3 Nf6 5. d3 Bb4 6. Bd2 Bxc3 7. Bxc3 d6 8. h3
a6 9. O-O O-O 10. a4 b6 11. Re1 Be6 12. Bxe6 fxe6 13. Bd2 Qe8 14. c3 Ne7 15. d4
exd4 16. Nxd4 e5 17. Ne6 Qg6 18. Nxf8 Rxf8 19. Qb3+ Kh8 20. Qc4 1-0

[Event "AUTO-OPEN-3775"]
[Site "http://www.queenalice.com/game.php?id=1494680"]
[Date "2017.9.15"]
[Round "2"]
[White "bobifixer"]
[Black "Greeley"]
[Result "0-1"]
[WhiteElo "1942"]
[BlackElo "2187"]

1. c4 d6 2. Nc3 c6 3. d4 Nd7 4. Nf3 h6 5. g3 g5 6. Bg2 Bg7 7. O-O Nf8 8. e4 Bg4
9. Qd3 Ne6 10. Be3 Bxf3 11. Bxf3 c5 0-1